Ιστορία και νέες τεχνολογίες : μεταπτυχιακή εργασία
Saved in:
| Main Author: | |
|---|---|
| Corporate Author: | |
| Other Authors: | , , |
| Format: | Thesis Book |
| Language: | Greek |
| Published: |
Ρόδος :
Πανεπιστήμιο Αιγαίου, Παιδαγωγικό Τμήμα Δημοτικής Εκπαίδευσης,
2007.
|
| Subjects: | |
| Online Access: | http://hdl.handle.net/11610/16276 |
| Tags: |
Add Tag
No Tags, Be the first to tag this record!
|
MARC
| LEADER | 00000cam a2200000 i 4500 | ||
|---|---|---|---|
| 001 | 1/67127 | ||
| 008 | 071211s2007 gre d | ||
| 035 | |l 10093001 | ||
| 040 | |a GR-MY-UA |b gre |e aacr | ||
| 041 | 0 | |a gre | |
| 082 | 7 | |a 907.2 |2 (22) | |
| 100 | 1 | |a Παπαμιχαήλ, Ευθυμία. | |
| 245 | 1 | 0 | |a Ιστορία και νέες τεχνολογίες : |b μεταπτυχιακή εργασία / |c Παπαμιχαήλ Ευθυμία ; Κόκκινος Γεώργιος (επιβλέπων) ; εξεταστική επιτροπή: Τσολακίδης Κωνσταντίνος, Καμπουροπούλου Μαρία. |
| 260 | |a Ρόδος : |b Πανεπιστήμιο Αιγαίου, Παιδαγωγικό Τμήμα Δημοτικής Εκπαίδευσης, |c 2007. | ||
| 300 | |a 51 σ. ; |c 30 εκ. | ||
| 502 | |a Διατριβή (μεταπτυχιακή) – Πανεπιστήμιο Αιγαίου, Ρόδος, 2007. | ||
| 504 | |a Βιβλιογραφία : σ. 47-52. | ||
| 610 | 2 | 0 | |a University of the Aegean |x Dissertations. |
| 650 | 0 | 0 | |a History |x Study and teaching. |
| 650 | 0 | 0 | |a Technological innovations. |
| 650 | 0 | 0 | |a Computer-assisted instruction. |
| 650 | 0 | 0 | |a Technology |x History science |x History |x Study and teaching. |
| 650 | 0 | 0 | |a Dissertations, Academic |z Greece. |
| 700 | 1 | |a Τσολακίδης, Κωνσταντίνος. |4 ths | |
| 700 | 0 | |a Καμπουροπούλου, Μαίρη. |4 ths | |
| 700 | 1 | |4 ths |a Κόκκινος, Γιώργος, |d 1960- | |
| 710 | 2 | |a Πανεπιστήμιο Αιγαίου |b Σχολή Ανθρωπιστικών Σπουδών |b Τμήμα Δημοτικής Εκπαίδευσης. | |
| 852 | |a INST |b RHODES |c DIATR |e 20071211 |h 907.2 ΠΑΠ |p 005400024996 |q 005400024996 |t MTXE |y 23 | ||
| 852 | |a INST |b RHODES |c DIATR |e 20071211 |h 907.2 ΠΑΠ |p 005400024997 |q 005400024997 |t MTXE |y 23 | ||
| 856 | |u http://hdl.handle.net/11610/16276 | ||
| 901 | |a BIBL4-2007-3 | ||
| 909 | |a Ρ |b 128176 | ||
| 909 | |a P |b 128177 | ||
| 924 | |a ΠΑΠΑΜΙΧΑΗΛ |b ΕΥΘΥΜΙΑ |y Ρόδος |z 2007-11 | ||
| 970 | |a ΜΙΣΣΟΣ |b ΣΤΑΥΡΟΣ |z 2007/12/11 | ||